00542nam a2200181Ia 4500003000900000008004100009040001600050080001600066100001500082245011800097260003100215300001400246650001400260650002300274650002600297650002000323650001700343IN-BaIIA211028s9999 xx 000 0 eng d cIIA Library a34(09)bJOI aJois, M.R. 0aLegal and constitutional history of Indiabvol. II, modern legal, judicial and constitutional system.cM. R. Jois aBombaybN.M.Tripathic1984 axx, 388p. aCivil Law aConstitutional Law aConstitutional System aJudicial System aLegal System